| 000 | 00651nam a22002057a 4500 | ||
|---|---|---|---|
| 003 | 0 | ||
| 005 | 20251107153441.0 | ||
| 008 | 251107b xxu||||| |||| 00| 0 eng d | ||
| 020 | _a978-174355344-2 | ||
| 050 |
_aPS 3563.C3836 _b.M35 2013 |
||
| 100 |
_aMcKenna, Lindsay, _eauthor. |
||
| 245 |
_aCourse of action / _cLindsay McKenna & Merline Lovelace. |
||
| 260 |
_aNorth Sydney NSW, Australia : _bHarlequin Mills & Boon, _c2013. |
||
| 300 |
_avarious pagination ; _c17 cm. |
||
| 650 | _aRomantic suspense fiction. | ||
| 650 | _aWar stories. | ||
| 650 |
_aUnited States. Army _xOfficers _vFiction. |
||
| 650 |
_aSoldiers _xFiction. |
||
| 942 |
_2lcc _cBK |
||
| 999 |
_c368509 _d368509 |
||